000 00960cam a2200241 a 4500
001 2052528
005 20180216033340.0
008 931008s1994 nyua b 001 0 eng
010 _a 93039809
020 _a0679404597 :
_c$60.00 ($75.00 Can.)
040 _aDLC
_cDLC
_dDLC
041 _aeng
043 _an-us---
080 _a796.3570973 war
082 0 0 _a796.3570973 war
_220
100 1 _a16
101 _ahis
245 1 0 _aBaseball :
_cnarrative by Geoffrey C. Ward ; based on a documentary filmscript by Geoffrey C. Ward and Ken Burns ; preface by Ken Burns and Lynn Novick ; with an introduction by Roger Angell ; contributions by John Thorn ... [et al.].
504 _aIncludes bibliographical references (p. 471-472) and index.
906 _a7
_bcbc
_corignew
_d1
_eocip
_f19
_gy-gencatlg
942 _2ddc
_cBK
999 _c42726
_d42726